000 00845nam a2200217Ia 4500
001 15799
005 20260320112525.0
008 260306t2017||||xx |||||||||||||| ||und||
041 _aESP
082 _a620.11
_bA174 2017
100 _aAskeland, Donald R.
_eAUT
245 0 _aCiencia e ingeniería de materiales
260 _c2017
300 _axviii, 856 páginas :
_c27 cm.
650 _aGEN
654 _aCIA
856 _uhttps://itmsp.museknowledge.com/UCSP?url=https://www.ebooks7-24.com:443/?il=3786&pg=1
_zVersión digital
856 _uhttps://0u213tc1v-y-https-ebooks7--24-com.itmsp.museknowledge.com/biblioteca.aspx
_zVéase además: Base de datos Ebook7-24
856 _uhttps://0u20ftc5u-y-https-research-ebsco-com.itmsp.museknowledge.com/c/qxo6us/search
_zVéase además: Base de datos EBSCOhost
942 _cLIB
_dJUS
_fJUS
_2ddc
999 _c15799
_d15799